A comprehensive dictionary of psychological and psychoanalytical terms: a guide to usage (Record no. 79630)
[ view plain ]
| 000 -LEADER | |
|---|---|
| fixed length control field | 00792nam a2200181 a 4500 |
| 008 - FIXED-LENGTH DATA ELEMENTS--GENERAL INFORMATION | |
| fixed length control field | 120416s1958 ||||||||||||||||| || u |
| 050 ## - LIBRARY OF CONGRESS CALL NUMBER | |
| Classification number | BF 31 Eng |
| 100 ## - MAIN ENTRY--PERSONAL NAME | |
| Personal name | English, Horace Bidwell |
| 245 12 - TITLE STATEMENT | |
| Title | A comprehensive dictionary of psychological and psychoanalytical terms: a guide to usage |
| Statement of responsibility, etc. | edited by Horace B. English |
| 260 ## - PUBLICATION, DISTRIBUTION, ETC. | |
| Place of publication, distribution, etc. | New York |
| Name of publisher, distributor, etc. | D. McKay |
| Date of publication, distribution, etc. | 1958 |
| 300 ## - PHYSICAL DESCRIPTION | |
| Extent | xiv, 594p. : ill. |
| 350 ## - | |
| -- | 0.00 |
| 650 ## - SUBJECT ADDED ENTRY--TOPICAL TERM | |
| Topical term or geographic name entry element | PSYCHOLOGY--DICTIONARIES |
| 650 ## - SUBJECT ADDED ENTRY--TOPICAL TERM | |
| Topical term or geographic name entry element | DICTIONARIES |
| 700 ## - ADDED ENTRY--PERSONAL NAME | |
| Personal name | English, Ava Champney |
| 995 ## - | |
| -- | BINDERY (DAMAGED) |
| -- | 0.00 |
| -- | 719699 |
| -- | CBU-MAIN LIBRARY (Kitwe) |
| -- | 1 |
| -- | 0.00 |
| -- | REF BF 31 Eng |
| -- | 1 |
| -- | DAMAGED |
| -- | 022257 |
| -- | Reference Collection |
| 995 ## - | |
| -- | BINDERY (DAMAGED) |
| -- | 0.00 |
| -- | 003631 |
| -- | CBU-MAIN LIBRARY (Kitwe) |
| -- | 2 |
| -- | 0.00 |
| -- | REF BF 31 Eng |
| -- | 2 |
| -- | DAMAGED |
| -- | 022259 |
| -- | Reference Collection |
| 999 ## - | |
| -- | 79630 |
| -- | 79630 |
| Withdrawn status | Lost status | Source of classification or shelving scheme | Damaged status | Not for loan | Permanent Location | Current Location | Shelving location | Date acquired | Total Checkouts | Full call number | Barcode | Date last seen | Copy number | Price effective from | Koha item type |
|---|---|---|---|---|---|---|---|---|---|---|---|---|---|---|---|
| CBU-MAIN LIBRARY, KITWE. | CBU-MAIN LIBRARY, KITWE. | 06/29/2023 | BF 31 Eng | 022257 | 06/29/2023 | 1 | 06/29/2023 | REFERENCE COLLECTION | |||||||
| CBU-MAIN LIBRARY, KITWE. | CBU-MAIN LIBRARY, KITWE. | 06/29/2023 | BF 31 Eng | 022259 | 06/29/2023 | 2 | 06/29/2023 | REFERENCE COLLECTION |